| 000 | 00522nam a2200169Ia 4500 | ||
|---|---|---|---|
| 005 | 20260121165311.0 | ||
| 008 | 260121s9999 xx 000 0 und d | ||
| 020 | _a978-93-91558-62-8 | ||
| 041 | _amar | ||
| 082 | _a954 | ||
| 100 | _aशेषाद्री हो. वे. | ||
| 245 | _aफाळणीची शोकांतिका | ||
| 250 | _a1 | ||
| 260 |
_bभारतीय विचार साधना पुणे _c2022 |
||
| 300 | _a335 | ||
| 650 |
_aमराठी साहित्य _9216408 |
||
| 999 |
_c369983 _d369983 |
||